[Event "ARM-ch 1st League 81st"]
[Site "Yerevan"]
[Date "2021.01.30"]
[Round "8"]
[White "Mikaelyan, Arman"]
[Black "Melkonyan, Arshak"]
[Result "1-0"]
[WhiteElo "2485"]
[BlackElo "2079"]
[PlyCount "83"]
[EventDate "2021.01.22"]
[EventType "tourn"]
[EventRounds "13"]
[EventCountry "ARM"]
[EventCategory "6"]
[SourceTitle "CBM 200 Extra"]
[Source "ChessBase"]
[SourceDate "2021.03.31"]
[SourceVersion "1"]
[SourceVersionDate "2021.03.31"]
[SourceQuality "1"]

1. c4 e6 2. Nf3 Nf6 3. g3 b6 4. Bg2 Bb7 5. 0-0 Be7 6. b3 0-0 7. Bb2 d5 8. cxd5 exd5 9. d4 Nbd7 10. Nc3 a6 11. Ne5 Bd6 12. Nc4 Bb4 13. Rc1 Re8 14. e3 Rb8 15. Ne5 Bd6 16. f4 c5 17. Na4 cxd4 18. Nxd7 Nxd7 19. Qxd4 Bf8 20. Rfe1 b5 21. Nc5 Nxc5 22. Rxc5 Qb6 23. Rc2 Qe6 24. Rc7 Ba8 25. Bf3 Rbc8 26. Rec1 Rxc7 27. Rxc7 Qxe3+ 28. Qxe3 Rxe3 29. Kf2 Re8 30. Bd4 a5 31. Be2 Rb8 32. Ba7 Rb7 33. Rxb7 Bxb7 34. Bxb5 Bb4 35. Ke3 f6 36. Kd4 Kf7 37. Bc5 Be1 38. Kd3 Ke6 39. a3 g5 40. fxg5 fxg5 41. Bd4 Kf5 42. Bd7+ 1-0

[Event "ARM-ch 1st League 81st"]
[Site "Yerevan"]
[Date "2021.01.29"]
[Round "7"]
[White "Melkonyan, Arshak"]
[Black "Danielyan, Vahe"]
[Result "1-0"]
[WhiteElo "2079"]
[BlackElo "2357"]
[PlyCount "83"]
[EventDate "2021.01.22"]
[EventType "tourn"]
[EventRounds "13"]
[EventCountry "ARM"]
[EventCategory "6"]
[SourceTitle "CBM 200 Extra"]
[Source "ChessBase"]
[SourceDate "2021.03.31"]
[SourceVersion "1"]
[SourceVersionDate "2021.03.31"]
[SourceQuality "1"]

1. d4 Nf6 2. Nf3 g6 3. g3 Bg7 4. c4 0-0 5. Bg2 d6 6. Nc3 Nc6 7. 0-0 Nd7 8. Be3 e5 9. Qd2 Re8 10. dxe5 Ndxe5 11. Nxe5 Nxe5 12. b3 a5 13. Bg5 Bf6 14. Bxf6 Qxf6 15. Nd5 Qd8 16. Rad1 Bd7 17. Qd4 Bc6 18. Nc3 Qe7 19. Rfe1 h5 20. h3 a4 21. b4 Qe6 22. Nd5 Bxd5 23. cxd5 Qe7 24. Rc1 b5 25. f4 Nc4 26. e4 h4 27. g4 g5 28. Bf1 gxf4 29. Bxc4 bxc4 30. Rxc4 a3 31. Rec1 f3 32. Kf2 Qg5 33. Kxf3 Re5 34. Qe3 Qg6 35. Rxc7 Rae8 36. Rc8 Kh7 37. Rxe8 Rxe8 38. Rc7 Rb8 39. Qd4 Kg8 40. b5 Qg7 41. Qxg7+ Kxg7 42. Ra7 1-0

[Event "ARM-ch 1st League 81st"]
[Site "Yerevan"]
[Date "2021.01.23"]
[Round "2"]
[White "Sargsyan, Anna M"]
[Black "Melkonyan, Arshak"]
[Result "1/2-1/2"]
[WhiteElo "2402"]
[BlackElo "2079"]
[PlyCount "112"]
[EventDate "2021.01.22"]
[EventType "tourn"]
[EventRounds "13"]
[EventCountry "ARM"]
[EventCategory "6"]
[SourceTitle "CBM 200 Extra"]
[Source "ChessBase"]
[SourceDate "2021.03.31"]
[SourceVersion "1"]
[SourceVersionDate "2021.03.31"]
[SourceQuality "1"]

1. e4 c6 2. d4 d5 3. e5 c5 4. dxc5 e6 5. a3 Bxc5 6. Qg4 Ne7 7. Bd3 Nbc6 8. Nf3 Ng6 9. 0-0 Nce7 10. b4 Bb6 11. Nc3 Bc7 12. Re1 Bd7 13. h4 Qb8 14. Qh5 a6 15. b5 Ba5 16. Bd2 Qc7 17. b6 Qxb6 18. Rab1 Qc7 19. Rb3 h6 20. Qg4 Rg8 21. h5 Nf8 22. Reb1 b5 23. a4 b4 24. Na2 Bxa4 25. R3b2 Nd7 26. Nxb4 Bb5 27. Bh7 Nxe5 28. Nxe5 Qxe5 29. Bxg8 Nxg8 30. Nxa6 Bxd2 31. Rxb5 Rxa6 32. Rb8+ Ke7 33. Qd1 Bc3 34. Rxg8 Ra1 35. Rxa1 Bxa1 36. Ra8 Bd4 37. Ra4 Bc5 38. Ra5 Bd4 39. Ra3 f5 40. Ra4 Bc5 41. Ra6 Kf7 42. Rc6 Qc3 43. Kh1 Qc4 44. Qe1 e5 45. Rc7+ Kf6 46. f4 exf4 47. Rc6+ Kg5 48. Rg6+ Kxh5 49. Rxg7 Qxc2 50. Qe8+ Kh4 51. Qd8+ Kh5 52. Kh2 Qd1 53. Qe8+ Kh4 54. Qd8+ Kh5 55. Qe8+ Kh4 56. Qd8+ Kh5 1/2-1/2

[Event "Wch FIDE Online U16 Europe qual"]
[Site "Tornelo INT"]
[Date "2020.12.09"]
[Round "6"]
[White "Fecker, Noah"]
[Black "Melkonyan, Arshak"]
[Result "1/2-1/2"]
[WhiteElo "2087"]
[BlackElo "2079"]
[PlyCount "95"]
[EventDate "2020.12.07"]
[EventType "swiss (rapid)"]
[EventRounds "7"]
[EventCountry "ISS"]
[SourceTitle "EXT 2022"]
[Source "ChessBase"]
[SourceDate "2021.10.06"]
[SourceVersion "1"]
[SourceVersionDate "2021.10.06"]
[SourceQuality "1"]

1. e4 c6 2. d4 d5 3. Nc3 dxe4 4. Nxe4 Bf5 5. Ng3 Bg6 6. h4 h6 7. Nh3 e6 8. Nf4 Bh7 9. Bc4 Nf6 10. 0-0 Bd6 11. Re1 0-0 12. Ngh5 Nxh5 13. Nxh5 Qxh4 14. g3 Qh3 15. Bf1 Qf5 16. Bd3 Qh3 17. Bf4 Be7 18. Bxh7+ Kxh7 19. Bxb8 Raxb8 20. Re5 Bg5 21. Nf4 Bxf4 22. Rh5 Qxh5 23. Qxh5 Bg5 24. c3 g6 25. Qe2 Kg7 26. Kg2 Bf6 27. Rh1 Rbd8 28. g4 Rd5 29. Qe3 Rh8 30. Rh3 g5 31. Rh1 Rhd8 32. Re1 e5 33. dxe5 Rxe5 34. Qc1 Red5 35. Re2 a5 36. Qc2 b5 37. Qe4 c5 38. Rc2 Rd2 39. a4 b4 40. cxb4 cxb4 41. b3 Rxc2 42. Qxc2 Rd5 43. Qc4 Re5 44. f3 Kg6 45. Qd3+ Kg7 46. Qc4 Kg8 47. Kf2 Kg7 48. Kg2 1/2-1/2

[Event "Wch FIDE Online U16 Europe qual"]
[Site "Tornelo INT"]
[Date "2020.12.08"]
[Round "4"]
[White "Bettalli, Francesco"]
[Black "Melkonyan, Arshak"]
[Result "1/2-1/2"]
[WhiteElo "2215"]
[BlackElo "2079"]
[PlyCount "157"]
[EventDate "2020.12.07"]
[EventType "swiss (rapid)"]
[EventRounds "7"]
[EventCountry "ISS"]
[SourceTitle "EXT 2022"]
[Source "ChessBase"]
[SourceDate "2021.10.06"]
[SourceVersion "1"]
[SourceVersionDate "2021.10.06"]
[SourceQuality "1"]

1. e4 c6 2. d4 d5 3. e5 c5 4. dxc5 e6 5. a3 Bxc5 6. b4 Bb6 7. Qg4 Ne7 8. Qxg7 Rg8 9. Qxh7 Bd4 10. Ra2 Bxe5 11. Nf3 Bf6 12. c4 Nbc6 13. Rd2 Bd7 14. Qc2 Qb6 15. Bb2 Bxb2 16. Qxb2 dxc4 17. Bxc4 Rxg2 18. Nc3 0-0-0 19. Ne4 Kb8 20. Ng3 a5 21. b5 Na7 22. Kf1 Rxg3 23. hxg3 Ng6 24. Ne5 Bxb5 25. Rxd8+ Qxd8 26. Bxb5 Qd5 27. Nd7+ Kc7 28. Qc3+ Kd6 29. Qc5+ Qxc5 30. Nxc5 Nxb5 31. Nxb7+ Ke7 32. a4 Nc3 33. Nxa5 Nxa4 34. Kg2 Nc5 35. Rc1 Nd7 36. Nb7 e5 37. Rc6 Ngf8 38. Nd6 Ne6 39. Ne4 f5 40. Nc3 Nf6 41. Ra6 Nc5 42. Ra5 Kd6 43. Ra8 e4 44. Ne2 Ke5 45. Ra5 Nfd7 46. Nf4 Kd4 47. Ra7 Ne5 48. Re7 Ncd3 49. Ne2+ Kd5 50. Ra7 Ng4 51. Ra5+ Nc5 52. Nc3+ Kc4 53. Na4 Nd3 54. Rxf5 e3 55. Nb6+ Kd4 56. Kf3 Nge5+ 57. Ke2 exf2 58. Nc8 Ng4 59. Ne7 Ke4 60. Rf8 Nh2 61. Rxf2 Nxf2 62. Kxf2 Ng4+ 63. Kg2 Nf6 64. Kh3 Kf3 65. Ng6 Ke4 66. Kh4 Kf5 67. Ne7+ Ke6 68. Nc6 Kd6 69. Nd4 Ke5 70. Nf3+ Kf5 71. Nh2 Ke6 72. Nf1 Kf5 73. Ne3+ Ke6 74. Kh3 Ne4 75. g4 Nf6 76. g5 Ne4 77. g6 Kf6 78. g7 Kxg7 79. Nf5+ 1/2-1/2

[Event "EU-ch Online U16"]
[Site "Tornelo INT"]
[Date "2020.09.20"]
[Round "9"]
[White "Rasti, Arvin"]
[Black "Melkonyan, Arshak"]
[Result "0-1"]
[WhiteElo "2002"]
[BlackElo "2079"]
[PlyCount "76"]
[EventDate "2020.09.18"]
[EventType "swiss (rapid)"]
[EventRounds "9"]
[EventCountry "NET"]
[SourceTitle "EXT 2023"]
[Source "ChessBase"]
[SourceDate "2022.10.05"]
[SourceVersion "1"]
[SourceVersionDate "2022.10.05"]
[SourceQuality "1"]
[WhiteTeam "Sweden"]
[BlackTeam "Armenia"]
[WhiteTeamCountry "SWE"]
[BlackTeamCountry "ARM"]

1. d4 d5 2. c4 c6 3. Nc3 dxc4 4. a4 e5 5. e3 exd4 6. exd4 Be6 7. Nf3 Nd7 8. Bg5 Be7 9. Bxe7 Nxe7 10. Be2 0-0 11. 0-0 a6 12. a5 Qc7 13. Re1 Rad8 14. Bxc4 Bxc4 15. Rxe7 Qd6 16. Qe1 Be6 17. Rxe6 Qxe6 18. Qd2 Rfe8 19. h4 Nf6 20. Re1 Qf5 21. Ng5 h6 22. Nf3 Qxa5 23. Rxe8+ Rxe8 24. Ne5 c5 25. Nc4 Qa1+ 26. Kh2 cxd4 27. Qxd4 Qe1 28. Kg3 Ne4+ 29. Nxe4 Qxe4 30. Qd7 Re6 31. Ne3 Rg6+ 32. Kh3 Qe6+ 33. Qxe6 Rxe6 34. Nd5 Re2 35. Nc3 Rxb2 36. Na4 Rxf2 37. Kg3 Ra2 38. Nc3 Ra3 0-1

[Event "EU-ch Online U16"]
[Site "Tornelo INT"]
[Date "2020.09.19"]
[Round "4"]
[White "Stepanencu, Nicodim Cosmin"]
[Black "Melkonyan, Arshak"]
[Result "0-1"]
[WhiteElo "1748"]
[BlackElo "2079"]
[PlyCount "60"]
[EventDate "2020.09.18"]
[EventType "swiss (rapid)"]
[EventRounds "9"]
[EventCountry "NET"]
[SourceTitle "EXT 2023"]
[Source "ChessBase"]
[SourceDate "2022.10.05"]
[SourceVersion "1"]
[SourceVersionDate "2022.10.05"]
[SourceQuality "1"]
[WhiteTeam "Romania"]
[BlackTeam "Armenia"]
[WhiteTeamCountry "ROU"]
[BlackTeamCountry "ARM"]

1. e4 c6 2. d4 d5 3. e5 c5 4. dxc5 Nc6 5. f4 e6 6. Be3 d4 7. Bf2 Bxc5 8. Nd2 Nge7 9. Qf3 Qb6 10. 0-0-0 Nf5 11. g4 Ne3 12. Bxe3 dxe3 13. Nc4 Qc7 14. Nd6+ Ke7 15. Qg3 Rd8 16. Qh4+ Kf8 17. Ne4 Rxd1+ 18. Kxd1 Qa5 19. Bc4 Bd7 20. Qxh7 Rd8 21. Qh8+ Ke7 22. Qh4+ Ke8 23. Nf3 Bc8+ 24. Kc1 Nb4 25. Kb1 e2 26. Nfd2 b5 27. Bb3 Bb7 28. a3 Bxe4 29. axb4 Bxb4 30. Qh8+ Bf8 0-1

[Event "Jermuk Asrian Memorial 12th"]
[Site "Jermuk"]
[Date "2019.06.13"]
[Round "3"]
[White "Gholami Orimi, Mahdi"]
[Black "Melkonyan, Arshak"]
[Result "1-0"]
[WhiteElo "2445"]
[BlackElo "1986"]
[PlyCount "91"]
[EventDate "2019.06.11"]
[EventType "swiss"]
[EventRounds "9"]
[EventCountry "ARM"]
[SourceTitle "CBM 191 Extra"]
[Source "ChessBase"]
[SourceDate "2019.09.30"]
[SourceVersion "1"]
[SourceVersionDate "2019.09.30"]
[SourceQuality "1"]

1. d4 d5 2. c4 c6 3. Nf3 e6 4. e3 f5 5. Bd3 Nf6 6. 0-0 Bd6 7. b3 Qe7 8. Nc3 0-0 9. Bb2 Ne4 10. Ne2 Nd7 11. Ne5 Nxe5 12. dxe5 Bc7 13. Qc2 Rd8 14. Nf4 g6 15. f3 Ng5 16. Ne2 Nf7 17. f4 Bb6 18. Nd4 Bd7 19. cxd5 cxd5 20. Qe2 Rdc8 21. Kh1 Ba5 22. h3 Bc3 23. Rac1 Bxb2 24. Qxb2 Nd8 25. a3 a6 26. b4 Ba4 27. Ne2 Bd7 28. Qb3 Nc6 29. Rc3 Na7 30. Rfc1 Qe8 31. Nd4 Nb5 32. Bxb5 Bxb5 33. Qb2 Bc4 34. g4 b5 35. Rg1 Kh8 36. gxf5 gxf5 37. e4 dxe4 38. Nxf5 Qh5 39. Nd6 Rg8 40. Rcg3 Rxg3 41. Rxg3 Rf8 42. Qf2 Qh6 43. Qa7 Rxf4 44. Nf7+ Rxf7 45. Qxf7 Qc1+ 46. Rg1 1-0

[Event "EU-ch 19th"]
[Site "Batumi"]
[Date "2018.03.27"]
[Round "10"]
[White "Melkonyan, Arshak"]
[Black "Murzin, Volodar"]
[Result "1/2-1/2"]
[WhiteElo "2082"]
[BlackElo "2316"]
[PlyCount "76"]
[EventDate "2018.03.17"]
[EventType "swiss"]
[EventRounds "11"]
[EventCountry "GEO"]
[SourceTitle "CBM 184"]
[Source "ChessBase"]
[SourceDate "2018.05.16"]
[SourceVersion "1"]
[SourceVersionDate "2018.05.16"]
[SourceQuality "1"]

1. e4 c5 2. Ne2 d6 3. g3 Nc6 4. Bg2 e5 5. 0-0 g6 6. c3 Bg7 7. Na3 Nge7 8. Nc2 0-0 9. d4 cxd4 10. cxd4 exd4 11. Nexd4 Nxd4 12. Nxd4 Nc6 13. Nxc6 bxc6 14. Qc2 Be6 15. Bf4 Rb8 16. Qxc6 Rxb2 17. Rad1 Qa5 18. Qxd6 Rxa2 19. e5 g5 20. Bxg5 Bxe5 21. Qe7 Qc7 22. Qxc7 Bxc7 23. Bd5 Ra5 24. Bxe6 Rxg5 25. Ba2 Bb6 26. Rfe1 Rc8 27. Re2 Rc7 28. Kg2 Rgc5 29. Rdd2 Kg7 30. h4 h6 31. Rb2 Rc3 32. Bd5 Kf6 33. Rb4 Rd3 34. Ba2 Rd4 35. Rb3 Kg7 36. Rf3 Rd6 37. Re4 Rd4 38. Re2 Rcd7 1/2-1/2

[Event "EU-ch 19th"]
[Site "Batumi"]
[Date "2018.03.18"]
[Round "2"]
[White "Melkonyan, Arshak"]
[Black "Triapishko, Alexandr"]
[Result "0-1"]
[WhiteElo "2082"]
[BlackElo "2530"]
[PlyCount "100"]
[EventDate "2018.03.17"]
[EventType "swiss"]
[EventRounds "11"]
[EventCountry "GEO"]
[SourceTitle "CBM 184"]
[Source "ChessBase"]
[SourceDate "2018.05.16"]
[SourceVersion "1"]
[SourceVersionDate "2018.05.16"]
[SourceQuality "1"]

1. e4 c6 2. d4 d5 3. Nc3 dxe4 4. Nxe4 Bf5 5. Ng3 Bg6 6. N1e2 Nd7 7. Nf4 e5 8. Nxg6 hxg6 9. dxe5 Qa5+ 10. Bd2 Qxe5+ 11. Qe2 0-0-0 12. 0-0-0 f5 13. Bc3 Qf4+ 14. Qd2 Qxd2+ 15. Rxd2 Nb6 16. Rxd8+ Kxd8 17. Bd4 Rh4 18. Be3 Be7 19. Be2 Nf6 20. Bg5 Ra4 21. a3 Nfd5 22. Bxe7+ Kxe7 23. Bf3 Rh4 24. Re1+ Kf7 25. h3 Nf4 26. Ne2 Ne6 27. Rd1 Ke7 28. Re1 Kf6 29. Ng1 Rh8 30. g3 g5 31. Bg2 Nc4 32. Nf3 Nc5 33. Nd2 Ne5 34. b4 Na4 35. Nb3 Nc4 36. b5 Nc3 37. bxc6 bxc6 38. Bxc6 Na2+ 39. Kb1 Nc3+ 40. Kc1 Rc8 41. Bd7 Rd8 42. Re6+ Kf7 43. Nc5 Rxd7 44. Re1 Re7 45. Rxe7+ Kxe7 46. a4 Kd6 47. Nd3 Nxa4 48. h4 gxh4 49. gxh4 Nc3 50. Nf4 a5 0-1

[Event "Yerevan op 2nd"]
[Site "Yerevan"]
[Date "2017.09.24"]
[Round "6"]
[White "Gharibyan, Mamikon"]
[Black "Melkonyan, Arshak"]
[Result "1-0"]
[WhiteElo "2365"]
[BlackElo "2064"]
[PlyCount "67"]
[EventDate "2017.09.19"]
[EventType "swiss"]
[EventRounds "9"]
[EventCountry "ARM"]
[SourceTitle "CBM 180 Extra"]
[Source "ChessBase"]
[SourceDate "2017.10.06"]
[SourceVersion "1"]
[SourceVersionDate "2017.10.06"]
[SourceQuality "1"]

1. d4 d5 2. c4 c6 3. Nf3 e6 4. e3 f5 5. Bd3 Nf6 6. 0-0 Bd6 7. b3 Qe7 8. Bb2 0-0 9. Qc1 b6 10. Ba3 c5 11. cxd5 exd5 12. Nc3 Ba6 13. dxc5 Bxc5 14. Bxc5 bxc5 15. Rd1 Qe6 16. Na4 Rc8 17. Ng5 Qd7 18. Nxc5 Qe7 19. Nge6 Rc6 20. Bxf5 Bc8 21. e4 Bxe6 22. Bxe6+ Kh8 23. e5 Ng8 24. Bxg8 Kxg8 25. Rxd5 Na6 26. Qc4 Kh8 27. b4 Nc7 28. Rdd1 Qxe5 29. Re1 Qf6 30. b5 Rd6 31. Ne4 Rd4 32. Qxc7 Rxe4 33. Qc6 Rae8 34. Qxe8+ 1-0

[Event "Yerevan op 2nd"]
[Site "Yerevan"]
[Date "2017.09.20"]
[Round "2"]
[White "Melkonyan, Arshak"]
[Black "Piliposyan, Robert"]
[Result "1-0"]
[WhiteElo "2064"]
[BlackElo "1773"]
[PlyCount "119"]
[EventDate "2017.09.19"]
[EventType "swiss"]
[EventRounds "9"]
[EventCountry "ARM"]
[SourceTitle "CBM 180 Extra"]
[Source "ChessBase"]
[SourceDate "2017.10.06"]
[SourceVersion "1"]
[SourceVersionDate "2017.10.06"]
[SourceQuality "1"]

1. Nf3 Nf6 2. d4 e6 3. e3 c5 4. Bd3 b6 5. 0-0 Bb7 6. c4 d6 7. Nc3 Nbd7 8. Re1 Be7 9. h3 0-0 10. d5 exd5 11. cxd5 Ne5 12. Nxe5 dxe5 13. e4 Ne8 14. f4 Bf6 15. Qf3 Nd6 16. Bd2 c4 17. Bf1 b5 18. a3 Rc8 19. Nd1 Re8 20. Bc3 a5 21. Nf2 Qb6 22. Kh1 b4 23. axb4 axb4 24. Bxe5 Bxe5 25. fxe5 Rxe5 26. Ng4 Re7 27. e5 Nb5 28. Qg3 Kh8 29. Qh4 Rd7 30. e6 fxe6 31. dxe6 Rd2 32. Nf6 h6 33. e7 Nc7 34. Qf4 Rf2 35. Nd7 Rxf4 36. Nxb6 Rb8 37. Nd7 Ra8 38. Rxa8+ Bxa8 39. e8Q+ Nxe8 40. Rxe8+ Kh7 41. Nf8+ Kg8 42. Ng6+ Kf7 43. Rf8+ Kxg6 44. Rxf4 c3 45. Rxb4 cxb2 46. Rxb2 Be4 47. Kh2 Kf7 48. g4 Bd5 49. Rc2 Kf6 50. Kg3 Be4 51. Rf2+ Kg6 52. h4 h5 53. Rf4 Bc2 54. Rc4 Bb1 55. Rc6+ Kh7 56. g5 Bf5 57. Kf4 Bb1 58. Rd6 Kg8 59. Bd3 Ba2 60. Bg6 1-0

[Event "EU-ch U12 27th"]
[Site "Mamaia"]
[Date "2017.09.09"]
[Round "5"]
[White "Melkonyan, Arshak"]
[Black "Keleberda, Timur"]
[Result "0-1"]
[WhiteElo "2064"]
[BlackElo "1798"]
[PlyCount "29"]
[EventDate "2017.09.05"]
[EventType "swiss"]
[EventRounds "9"]
[EventCountry "ROU"]
[SourceTitle "EXT 2018"]
[Source "ChessBase"]
[SourceDate "2017.10.13"]
[SourceVersion "1"]
[SourceVersionDate "2017.10.13"]
[SourceQuality "1"]

1. c4 Nf6 2. d4 e6 3. Nc3 b6 4. f3 d5 5. cxd5 exd5 6. e3 Bb7 7. Bd3 Be7 8. Nge2 Nbd7 9. 0-0 0-0 10. e4 dxe4 11. fxe4 c5 12. d5 Ne5 13. Ng3 c4 14. Be2 Rc8 15. Nf5 0-1

[Event "Yerevan Asrian Memorial 10th"]
[Site "Yerevan"]
[Date "2017.06.24"]
[Round "4"]
[White "Melkonyan, Arshak"]
[Black "Mikaelyan, Arman"]
[Result "0-1"]
[WhiteElo "1837"]
[BlackElo "2444"]
[PlyCount "44"]
[EventDate "2017.06.21"]
[EventType "swiss"]
[EventRounds "9"]
[EventCountry "ARM"]
[SourceTitle "EXT 2018"]
[Source "ChessBase"]
[SourceDate "2017.10.13"]
[SourceVersion "1"]
[SourceVersionDate "2017.10.13"]
[SourceQuality "1"]

1. d4 Nf6 2. c4 g6 3. Nc3 Bg7 4. e4 d6 5. f3 0-0 6. Be3 c6 7. d5 cxd5 8. cxd5 e6 9. Bd4 exd5 10. exd5 Re8+ 11. Nge2 b5 12. a3 Nbd7 13. Qb3 Nc5 14. Bxc5 dxc5 15. 0-0-0 Bf5 16. Qxb5 Bh6+ 17. f4 Rb8 18. Qc4 Qb6 19. Qa2 c4 20. g3 Qe3+ 21. Rd2 Ne4 22. Nxe4 Bxe4 0-1

[Event "Wch U12"]
[Site "Batumi"]
[Date "2016.10.24"]
[Round "6"]
[White "Indriunas, Matas"]
[Black "Melkonyan, Arshak"]
[Result "0-1"]
[WhiteElo "1774"]
[BlackElo "1588"]
[PlyCount "32"]
[EventDate "2016.10.19"]
[EventType "swiss"]
[EventRounds "11"]
[EventCountry "GEO"]
[SourceTitle "EXT 2018"]
[Source "ChessBase"]
[SourceDate "2017.10.13"]
[SourceVersion "1"]
[SourceVersionDate "2017.10.13"]
[SourceQuality "1"]

1. e4 e6 2. d4 d5 3. Bd3 dxe4 4. Bxe4 Nf6 5. Bf3 c5 6. Ne2 Nc6 7. Be3 e5 8. Bxc6+ bxc6 9. dxe5 Qxd1+ 10. Kxd1 Ng4 11. Nd2 Nxe5 12. Ng3 Ng4 13. Ne2 Ba6 14. c4 Nxe3+ 15. fxe3 0-0-0 16. Nf4 Be7 0-1